00833cam a2200229Ia 450000500170000000800410001702000180005804000500007604100080012606000110013424501180014526000580026330000420032150400530036365000170041665000370043365000220047065000260049265000380051870000280055670000190058420141118134536.0141118s2012 enkd fr 001 0 eng d a9781444337181 aCO-BoUCMbspacJose A. GerenadJose A. Gerena0 aeng aWT 10000aEvidence-based geriatric medicineba practical clinical guide ceditado por Jayna M. Holroyd-Leduc, Madhuri Reddy aChichester (West Sussex, Inglaterra)bBlackwellc2012 ax, 192 páginasbcuadros, gráficas aIncluye referencias bibliográficas e índices 7aGeriatría  7aMedicina basada en la evidencia  7aSistema urinario  7aSistema respiratorio  7aTrastornos sistema neuromuscular 1 aHolroyd-Leduc, Jayna M.1 aReddy, Madhuri